Tough 50 Question Pokemon Quiz - Statistics

General Stats
  • This quiz has been taken 3,906 times
    3,299 since last reset
  • The average score is 23 of 49
Answer Stats
Hint Answer % Correct
How many evolutions has Eevee had between generations 1-3? 5
98%
Wears the skull of its mother. Cubone
90%
Who is the first Flying type Pokemon? Charizard
73%
What Pokemon changes form based on the weather conditions? Castform
71%
This Pokemon is based on Santa Claus. Delibird
69%
Who is the ghost that is identified in Lavender Town after the use of the Silph Scope? Marowak
68%
Who is in the Old Amber fossil? Aerodactyl
64%
Who is the second dual type Pokemon? Ivysaur
64%
What Pokemon bites onto Slowpoke's tail which causes it to evolve? Shellder
64%
Had to be redesigned after a lawsuit was filed because of racial dispute. Jynx
63%
Was the main Pokemon in the famous banned seizure episode. Porygon
63%
The name of the Pokemon on the cover of Pokemon Y. Yveltal
62%
What mode does Darmanitan enter if he is below half HP and has the correct ability? Zen
61%
What Pokemon is a failed attempt at creating Mew? Ditto
60%
Hold item that prevents evolution. Everstone
60%
Who is the Aura Pokemon? Lucario
60%
Who has the ability Color Change? Kecleon
59%
How many Pokemon were there after 2 generations? 251
57%
Based on Pokemon fan theory, Gengar is the shadow of what Pokemon? Clefable
57%
What is Miltank's signature move? Milk Drink
56%
The Transport Pokemon. Lapras
54%
Location of Mewtwo in Generation 1. Cerulean Cave
53%
What item boosts Defense and Special Defense by 50% if held by a Pokemon that is not fully evolved? Eviolite
53%
The 4th Ghost type Pokemon in National Pokedex order. Misdreavus
52%
Who has the lowest HP stat? Shedinja
52%
Who is the only Poison/Dragon type? Dragalge
47%
Who was the first Ground-Flying type? Gligar
47%
The Yellow Version Pokedex entry reads as follows: "Born in an active volcano. Its body is always cloaked in flames, so it looks like a big ball of fire." Magmar
47%
Victini is what number in the Unova Pokedex? #000
46%
What is the signature move of Kling, Klang, and Klinklang? Gear Grind
44%
Location of Moltres in Generation 1. Victory Road
44%
Who learns Fly by level up? Salamence, Rayquaza
43%
Has a higher base stat total than Jirachi, Heatran, Mew, and Celebi, but is not legendary or a Mega-Evolution. Slaking
42%
Excluding legendaries, who is the fastest Pokemon? Ninjask
41%
What is Azumarill's ability that makes him a threat in competitive battle? Huge Power
39%
Who was the first Pokemon to have a gender? Nidoran
38%
Commonly held by wild Shuckle, what item restores health by 20HP? Berry Juice
36%
After 6 Generations, name a Pokemon with no weaknesses. (Disregarding Mold Breaker) Tynamo
35%
Who is the only Pokemon with the ability Stall? Sableye
32%
Which Pokemon evolves into a zombified Pokemon? Paras
30%
What ability doubles speed after using or losing an item? Unburden
25%
Where is the initial encounter of the legendary dogs in Johto? Burnt Tower
21%
Name the move: 40 base power/100 accuracy/priority/Fighting type Vacuum Wave
20%
Which Mega Evolution gains the ability Solar Power? Houndoom
18%
Who is the first Pokemon with Speed Boost in National Pokedex order? Yanma
17%
Who is the only Normal type Pokemon that can learn Explosion? Lickilicky
16%
Where can you find Ho-oh in Johto? Tin Tower
14%
Strongest move with no drawback/secondary effect/recharge. Boomburst
6%
One of the two Pokemon in the Hoenn region with the letter Q in its name. Masquerain, Rayquaza
1%
No matching quizzes found
Score Distribution
Percent of People with Each Score
Percentile by Number Answered
Your Score History
You have not taken this quiz since the last reset